music trivia: 1998 songs and artists - Statistics

General Stats
  • This quiz has been taken 135 times
    119 since last reset
  • The average score is 9 of 15
Answer Stats
Hint Answer % Correct
Bitter Sweet Symphony The Verve
88%
Torn Natalie Imbruglia
83%
Tubthumping Chumbawamba
80%
Good Riddance (Time of Your Life) Green Day
77%
You're Still the One Shania Twain
73%
Truly Madly Deeply Savage Garden
66%
Ray of Light Madonna
64%
Fly Away Lenny Kravitz
63%
One Week Barenaked Ladies
54%
Closing Time Semisonic
51%
Doo Wop (That Thing) Lauryn Hill
50%
This Kiss Faith Hill
49%
How Do I Live LeAnn Rimes
42%
Adia Sarah McLachlan
25%
When You Believe Mariah Carey & Whitney Houston
24%
No matching quizzes found
Score Distribution
Percent of People with Each Score
Percentile by Number Answered
Your Score History
You have not taken this quiz since the last reset